000 00519cam a2200217 4500
999 _c101692
_d101692
008 011012n2000 000 0 eng u
020 _a0273642219
035 _a(Sirsi) u115081
050 _a346.41066
100 _aGriffin, S.
245 _aCompany law : fundamental principles
250 _a3rd ed.
260 _aHarlow
_bLongman
_c2000
300 _axli,386p.
_c24cm.
350 _a25.99
650 _aBUSINESS LAW
650 _aCOMPANY LAW
690 _aLAW
700 _aHirst, M.
942 _n0
_2ddc